Statystyki dla 10 najdroższych piłkarzy ekstraklasy 2023/2024

Kliknij tutaj aby rozwiązać quiz!

Ogólne statystyki

  • Ten quiz został rozwiązany 19 razy
  • Średni wynik to 4 z 10

Statystyki odpowiedzi

HintOdpowiedź% Poprawnych
7 mlnVladan Kovacevic
67%
2.5 mlnErik Exposito
61%
6 mlnkristoffer velde
56%
4.5 mlnFilip Marchwiński
50%
3.5 mlnDominik Marczuk
44%
3 mlnFran Tudor
33%
3 mlnBartłomiej Wdowik
28%
3 mlnAriel Mosór
22%
2.5 mlnJoel Pereira
11%
7 mlnLuka Vuskovic
11%

Rozkład punktacji

Percentyl według liczby udzielonych odpowiedzi

Procent ludzi z każdym wynikiem

Twoja historia wyników

Nie rozwiązałeś tego quizu